000 01467nkm1a2200289 4500
001 RU\NLR\BIBL_A\010788829
005 20260118051745.0
035 _a(NLR Aleph) 010788829
090 _a13513358
_c13513358
100 _a20150625d1867 u y0rusy50 ca
101 0 _arus
102 _aRU
116 _afiybxx xx zz
200 1 _aВиды местностей по реке Волге от Твери до Казани, снятые московск. фотогр. М.П. Настюковым в 1867 году
_bИзоматериал
_e[альбом фотографий]
210 _a[Москва
_d1867]
215 _a[40] отд. л. ил.
_dв папке 44х64
300 _aБез тит. л. Описано по папке
300 _aЗагл. листов на рус. и фр. яз.
532 1 2 _aВиды местностей по реке Волге от Твери до Казани, снятые московским фотографом М.П. Настюковым в 1867 году
607 _aПоволжье
_jФотоальбомы
_91226299
_3RU\NLR\AUTH\66181423
610 1 _aВидовые фотографии
686 0 _aД890(2Р354)я61
702 1 _4600
_aНастюков
_bМ. П.
_cфотограф
_gМихаил Петрович
_9146137
_3RU\NLR\AUTH\770146173
942 _cVISUAL
980 _aNB